Southville International School and Colleges
Your cart is empty.
  • Cart
  • Lists
    Public lists Eva Luna New books Lux_list list_1
    Your lists Log in to create your own lists
  • Log in to your account
  • Your cookies
  • Search history
Southville International School and Colleges
  • Advanced search
  • Recent comments
  • Most popular
  • Libraries

Log in to your account

Log in with GOOGLE


If you do not have an external account, but do have a local account, you can still log in:

  1. Home
  2. MARC view: The effects of video games to the academic performance of S.I.S. 1st year high school /
Normal view MARC view ISBD view

The effects of video games to the academic performance of S.I.S. 1st year high school / (Record no. 96109)

[ view plain ]
MARC details
000 -LEADER
fixed length control field 00850nam a2200217 a 4500
003 - CONTROL NUMBER IDENTIFIER
control field 0
005 - DATE AND TIME OF LATEST TRANSACTION
control field 20250623094415.0
008 - FIXED-LENGTH DATA ELEMENTS--GENERAL INFORMATION
fixed length control field 030602s19uu xx 00 eng d
050 ## - LIBRARY OF CONGRESS CALL NUMBER
Classification number PGS GV 1469.34.C57
Item number .T161 1998
100 ## - MAIN ENTRY--PERSONAL NAME
Personal name Tan, Jefferson James F.
245 ## - TITLE STATEMENT
Title The effects of video games to the academic performance of S.I.S. 1st year high school /
Statement of responsibility, etc Jefferson James F. Tan.
260 ## - PUBLICATION, DISTRIBUTION, ETC. (IMPRINT)
Place of publication, distribution, etc Las Piñas City, Philippines :
Name of publisher, distributor, etc Southville International School and Colleges,
Date of publication, distribution, etc 1998.
300 ## - PHYSICAL DESCRIPTION
Extent Unpaged :
Other physical details illustrations ;
Dimensions 28 cm.
504 ## - BIBLIOGRAPHY, ETC. NOTE
Bibliography, etc Includes bibliographical references.
650 ## - SUBJECT ADDED ENTRY--TOPICAL TERM
Topical term or geographic name as entry element Video games
Form subdivision Psychological aspects.
650 ## - SUBJECT ADDED ENTRY--TOPICAL TERM
Topical term or geographic name as entry element Academic achievement.
650 ## - SUBJECT ADDED ENTRY--TOPICAL TERM
Topical term or geographic name as entry element Video games
Form subdivision Social aspects.
650 ## - SUBJECT ADDED ENTRY--TOPICAL TERM
Topical term or geographic name as entry element High school students
Geographic subdivision Philippines
Form subdivision Attitudes.
650 ## - SUBJECT ADDED ENTRY--TOPICAL TERM
Topical term or geographic name as entry element Teenagers
Form subdivision Conduct of life.
942 ## - ADDED ENTRY ELEMENTS (KOHA)
Source of classification or shelving scheme Library of Congress Classification
Koha item type PASS
Holdings
Withdrawn status Lost status Source of classification or shelving scheme Damaged status Home library Current library Shelving location Date acquired Source of acquisition Total Checkouts Full call number Barcode Date last seen Price effective from Koha item type
    Library of Congress Classification   Luxembourg Library Luxembourg Library Portfolio Assessment of SISC Students Section 06/02/2003 Donation   PGS GV 1469.34.C57 .T161 1998 P0014 08/24/2015 04/08/2014 PASS

The effects of video games to the academic performance of S.I.S. 1st year high school /

APA

Tan J. J. F., . (1998). The effects of video games to the academic performance of S.I.S. 1st year high school. Las Piñas City, Philippines: Southville International School and Colleges.

Chicago

Tan Jefferson James F, . 1998. The effects of video games to the academic performance of S.I.S. 1st year high school. Las Piñas City, Philippines: Southville International School and Colleges.

Harvard

Tan J. J. F., . (1998). The effects of video games to the academic performance of S.I.S. 1st year high school. Las Piñas City, Philippines: Southville International School and Colleges.

MLA

Tan Jefferson James F, . The effects of video games to the academic performance of S.I.S. 1st year high school. Las Piñas City, Philippines: Southville International School and Colleges. 1998.

  • Print
  • Cite
  • Add to your cart (remove)
  • Save record
    BIBTEX Dublin Core MARCXML MARC (non-Unicode/MARC-8) MARC (Unicode/UTF-8) MARC (Unicode/UTF-8, Standard) MODS (XML) RIS
  • More searches
    Search for this title in:
    Other Libraries (WorldCat) Other Databases (Google Scholar) Online Stores (Bookfinder.com) Open Library (openlibrary.org)

Exporting to Dublin Core...

SOUTHVILLE LIBRARY

Southville International School and Colleges Library

1281 Tropical Ave. Cor. Luxembourg St., BF Homes International, Las Pinas City

Tel. No. 8256374 / 252358 Loc. 117/146

Powered by Koha